German-English dictionary of metallurgy : with related material on ores, mining and minerals, crystallography, welding, metal-working, tools, metal products, and metal chemistry /

Bibliographic Details
Main Author: Singer, T. E. R. (Tibor Eric Robert), 1902-1966
Format: Book
Language:English
German
Published: New York, London : McGraw-Hill book company, inc., 1945.
Edition:1st ed.
Subjects:

MARC

Tag First Indicator Second Indicator Subfields
LEADER 00000cam a2200000 4500
001 in00000737021
005 20151016070852.0
008 750721s1945 nyu 00010 eng u
010 |a  45003292  
035 |a (OCoLC)01463355 
035 |9 ADE3825AM 
040 |c JPL  |d TXA  |d UtOrBLW 
041 1 |a eng  |a ger 
049 |a TXAM 
050 0 0 |a TN10  |b .S5 
082 0 |a 669.03 
092 |a 669.03  |b S617g 
100 1 |a Singer, T. E. R.  |q (Tibor Eric Robert),  |d 1902-1966. 
245 1 0 |a German-English dictionary of metallurgy :  |b with related material on ores, mining and minerals, crystallography, welding, metal-working, tools, metal products, and metal chemistry /  |c by T.E.R. Singer ... Foreword by J. Kurtz. 
250 |a 1st ed. 
264 1 |a New York,  |a London :  |b McGraw-Hill book company, inc.,  |c 1945. 
300 |a ix, 298 pages ;  |c 19 cm 
336 |a text  |b txt  |2 rdacontent 
337 |a unmediated  |b n  |2 rdamedia 
338 |a volume  |b nc  |2 rdacarrier 
650 0 |a Metallurgy  |v Dictionaries  |x German. 
650 0 |a German language  |v Dictionaries  |x English. 
999 |a MARS 
999 f f |s ca056679-877d-3c7d-b6c2-09037b0a5408  |i 8ab30e01-c065-3495-a11e-05ff52b8e2bb  |t 0 
952 f f |p ric  |a Texas A&M University  |b Rellis Campus  |c Joint Library Facility  |d Remote Storage  |t 0  |e TN10 .S5  |h Library of Congress classification  |i unmediated -- volume  |m A14801122755 
998 f f |a TN10 .S5  |t 0  |l Remote Storage